| 000 | 00463pam a2200181 a 4500 | ||
|---|---|---|---|
| 020 | _a0801625246 | ||
| 040 | _cDLC | ||
| 082 | 0 | 0 | _a574 RAV 1991 A082 Or. |
| 100 | 1 | _aRaven, Peter H. | |
| 245 | 1 | 0 | _aUnderstanding biology / |
| 250 | _a2nd ed. | ||
| 260 |
_aSt. Louis : _bMosby Year Book, _cc1991. |
||
| 300 |
_a1 v. (various pagings) : _bcol. ill. ; _c29 cm. |
||
| 500 | _aIncludes index. | ||
| 650 | 0 | _aBiology. | |
| 700 | 1 | _aJohnson, George B. | |
| 942 | _cEK | ||
| 999 |
_c16081 _d16081 |
||